| 000 | 02280cam a22005054i 4500 | ||
|---|---|---|---|
| 003 | PE-LiUPU | ||
| 005 | 20250731173356.0 | ||
| 008 | 150706s2010 flu r 000 0 spa d | ||
| 020 | _a9780829753837 | ||
| 035 | _a(Sirsi) i9780829753837 | ||
| 040 |
_aPE-LiUPU _bspa _cPE-LiUPU _dPE-LiUPU _erda |
||
| 049 | _aPRUA | ||
| 082 | 0 | 4 |
_a225.94 _bM77 _221 |
| 100 | 1 |
_aMoo, Douglas J., _eautor. |
|
| 245 | 1 | 0 |
_aComentario de Romanos : _bdel texto bíblico a una aplicación contemporánea / _cDouglas J. Moo. |
| 264 | 1 |
_aMiami, Florida : _bEditorial Vida, _c2010. |
|
| 300 |
_a509 páginas ; _c23 centímetros. |
||
| 336 |
_atext _2rdacontent |
||
| 337 |
_aunmediated _2rdamedia |
||
| 338 |
_avolume _2rdacarrier |
||
| 490 | 0 |
_aBiblioteca teológica vida ; _v7 |
|
| 505 | 0 | _aPresentación de la Biblioteca teológica Vida -- Introducción a la Serie -- Prefacio del editor -- Abreviaturas -- Texto y comentarios de romanos -- Introducción -- Bosquejo -- Bibliografía comentada. | |
| 526 | _aSEG42 | ||
| 526 | _aSEG41 | ||
| 526 | _aSEG40 | ||
| 526 | _aSEG39 | ||
| 526 | _aP94 | ||
| 526 | _aP87 | ||
| 526 | _aP86 | ||
| 526 | _aP85 | ||
| 526 | _aP77 | ||
| 526 | _aP76 | ||
| 526 | _aP35 | ||
| 541 | _g001-0000506; | ||
| 541 | _g001-0000479; | ||
| 630 |
_aBiblia. _pN.T. _pRomanos _xComentarios. |
||
| 910 |
_agl _bjv _cng _d20101026 |
||
| 942 |
_2ddc _cBOOK |
||
| 949 |
_a225.94 M77 _wDEWEY _c1 _i62648 _d2016-10-20 _e2016-10-17 _lCCODEBUL1 _mBUL _n1 _p32.00 _r0 _sY _tBOOK _u2015-7-6 _xTEOLOGIA _PP35 _0COMPRA _o.STAFF. Colección General |
||
| 949 |
_a225.94 M77 _wDEWEY _c2 _i62228 _lCCODEBUL1 _mBUL _p15.00 _r0 _sY _tBOOK _u2015-7-6 _xTEOLOGIA _PP35 _0COMPRA _o.STAFF. Colección General |
||
| 994 |
_aC0 _bPEPRU |
||
| 596 | _a1 | ||
| 999 |
_a225.94 M77 _wDEWEY _c51308 _i62648 _d51308 _e2016-10-17 _f2021-11-9 _g5 _lCCODEBUL1 _mBUL _n1 _p32.00 _q4 _r0 _sY _tBOOK _u2015-7-6 _xTEOLOGIA _PP35 _0COMPRA _o.STAFF. Colección Teología |
||
| 999 |
_a225.94 M77 _wDEWEY _c2 _i62228 _d2018-11-8 _f2021-11-9 _g5 _lCCODEBUL1 _mBUL _p15.00 _q1 _r0 _sY _tBOOK _u2015-7-6 _xTEOLOGIA _PP35 _0COMPRA _o.STAFF. Colección Teología |
||
| 980 |
_81 _gALBERTO SANCHEZ Responsable de Automatización |
||